[Event "XIX Festival A"]
[Site "Arco ITA"]
[Date "2007.10.20"]
[Round "1"]
[White "Scharrer, Patrick"]
[Black "Del Nevo, Claudio"]
[Result "1-0"]
[WhiteElo "2220"]
[BlackElo "1889"]
[PlyCount "67"]
[EventDate "2007.10.20"]

1. e4 d6 2. d4 Nf6 3. Nc3 g6 4. f3 Bg7 5. Be3 c6 6. Qd2 O-O 7. O-O-O b5 8. Kb1
a5 9. Bh6 a4 10. h4 b4 11. Nce2 b3 12. cxb3 axb3 13. a3 Qa5 14. Qxa5 Rxa5 15.
Bxg7 Kxg7 16. Nc1 Be6 17. Nge2 Bc4 18. Nf4 Bxf1 19. Rhxf1 c5 20. dxc5 dxc5 21.
Nxb3 Rb5 22. Nd2 Nc6 23. Nc4 Rfb8 24. e5 Ng8 25. Rf2 Nd4 26. Ne2 Nf5 27. Rh1 e6
28. g4 Nfe7 29. Nc3 Rb3 30. Ne4 R3b5 31. h5 Nd5 32. hxg6 Kxg6 33. f4 f5 34.
gxf5+ 1-0

[Event "XIX Festival A"]
[Site "Arco ITA"]
[Date "2007.10.20"]
[Round "1"]
[White "Schrott, Ernst"]
[Black "Viviani, Mario"]
[Result "1-0"]
[WhiteElo "2103"]
[BlackElo "1800"]
[PlyCount "120"]
[EventDate "2007.10.20"]

1. e4 d6 2. d4 Nf6 3. Nc3 Nbd7 4. Nf3 e5 5. Be2 Be7 6. O-O c6 7. h3 Qc7 8. Bg5
h6 9. Bh4 Nf8 10. dxe5 dxe5 11. Bxf6 gxf6 12. Nh4 Be6 13. Bg4 Rg8 14. Nf5 Bxf5
15. Bxf5 Ng6 16. Ne2 Rd8 17. Qc1 Nf4 18. Nxf4 exf4 19. Rd1 f3 20. Rxd8+ Bxd8
21. g4 h5 22. Qe3 hxg4 23. Bxg4 Qe5 24. c3 Bc7 25. Qxf3 Ke7 26. Rd1 Rd8 27.
Rxd8 Kxd8 28. Qd3+ Ke7 29. Kf1 Qb5 30. Qxb5 cxb5 31. Bc8 b6 32. Ba6 b4 33. cxb4
Be5 34. b3 Kd6 35. Bc4 Ke7 36. Ke2 Bc3 37. b5 Kf8 38. Bd5 Bb4 39. Bc6 Ke7 40.
h4 Ba3 41. h5 f5 42. Kf3 fxe4+ 43. Kxe4 Kf6 44. Bd5 Kg7 45. Bc4 f6 46. Kd5 f5
47. Kc6 f4 48. f3 Kh6 49. Bf7 Kg7 50. Bg6 Kf6 51. Kb7 Ke5 52. Kxa7 Bc5 53. h6
Kd6 54. h7 Bd4 55. b4 Kc7 56. a4 Kc8 57. Ka8 Kc7 58. a5 Bc3 59. Ka7 Bd4 60.
h8=Q Bxh8 1-0

[Event "XIX Festival A"]
[Site "Arco ITA"]
[Date "2007.10.20"]
[Round "1"]
[White "Trauth, Michael"]
[Black "Battiston, Claudio"]
[Result "1-0"]
[WhiteElo "2180"]
[BlackElo "1882"]
[PlyCount "95"]
[EventDate "2007.10.20"]

1. Nf3 d5 2. c4 e6 3. g3 c5 4. Bg2 Nc6 5. O-O Nf6 6. b3 Be7 7. e3 O-O 8. Bb2
Ne4 9. d3 Bf6 10. Qc1 Bxb2 11. Qxb2 Qf6 12. Qxf6 Nxf6 13. Nc3 b6 14. Rfd1 Bb7
15. cxd5 exd5 16. d4 cxd4 17. Nxd4 Rfd8 18. Ncb5 Nxd4 19. Nxd4 Rac8 20. Rac1
Kf8 21. Bh3 Rxc1 22. Rxc1 Ne8 23. b4 g6 24. b5 Ke7 25. a4 f5 26. g4 Rc8 27.
Rxc8 Bxc8 28. gxf5 Kf6 29. Nc6 Bxf5 30. Bxf5 Kxf5 31. Nxa7 Nd6 32. Nc6 Ke6 33.
Nd4+ Kd7 34. Kf1 Nc4 35. Ne2 Kd6 36. Nc3 Kc5 37. Ke2 Ne5 38. f4 Nd7 39. Kd3 Nf6
40. h3 h6 41. e4 dxe4+ 42. Nxe4+ Nxe4 43. Kxe4 Kb4 44. Ke5 Kxa4 45. Kf6 g5 46.
fxg5 hxg5 47. Kxg5 Kxb5 48. h4 1-0

[Event "XIX Festival A"]
[Site "Arco ITA"]
[Date "2007.10.20"]
[Round "1"]
[White "Trifoni, Giorgio"]
[Black "Pipitone, Antonio"]
[Result "0-1"]
[WhiteElo "1658"]
[BlackElo "2028"]
[PlyCount "56"]
[EventDate "2007.10.20"]

1. e4 c5 2. d3 Nc6 3. Nf3 g6 4. Nbd2 Bg7 5. g3 d5 6. Bg2 d4 7. O-O e5 8. c4
Nge7 9. a3 O-O 10. Nb3 b6 11. Bg5 h6 12. Bd2 f5 13. exf5 Bxf5 14. Ne1 Rc8 15.
Qc1 Kh7 16. f4 Qd7 17. fxe5 Nxe5 18. Be4 Bxe4 19. Rxf8 Rxf8 20. dxe4 Qh3 21.
Bf4 g5 22. Qd2 gxf4 23. Qg2 Qxg2+ 24. Kxg2 fxg3 25. hxg3 Nxc4 26. Nd3 Ne3+ 27.
Kh3 c4 28. Nxd4 cxd3 0-1

[Event "XIX Festival A"]
[Site "Arco ITA"]
[Date "2007.10.20"]
[Round "1"]
[White "Voermans, Adri"]
[Black "Prakken, Gerrit"]
[Result "0-1"]
[WhiteElo "1887"]
[BlackElo "2217"]
[PlyCount "94"]
[EventDate "2007.10.20"]

1. d4 f5 2. c4 Nf6 3. Nc3 d6 4. g3 g6 5. Bg2 Bg7 6. e4 fxe4 7. Nxe4 Nxe4 8.
Bxe4 Nc6 9. Be3 O-O 10. f4 e5 11. dxe5 dxe5 12. Qd5+ Kh8 13. O-O-O Qf6 14. fxe5
Nxe5 15. Bd4 Bg4 16. Re1 c6 17. Qxe5 Qxe5 18. Bxe5 Bxe5 19. h3 Bxg3 20. hxg4
Bxe1 21. Bxg6 Kg7 22. Bf5 h6 23. Nf3 Bg3 24. Nd4 Rf6 25. Ne6+ Kf7 26. Rh3 Be5
27. Nc5 Bf4+ 28. Kc2 Rd6 29. Rf3 Bg5 30. Be6+ Ke8 31. Rf2 Be3 32. Bf7+ Ke7 33.
Re2 Kxf7 34. Rxe3 Rd4 35. Kc3 Rxg4 36. Nxb7 h5 37. Nd6+ Kf6 38. Rf3+ Kg6 39.
Kd3 Rd8 40. c5 Rd7 41. Rf2 h4 42. Ke3 Re7+ 43. Kd3 Re5 44. Rc2 h3 45. Rh2 Rh5
46. Nc4 Rg3+ 47. Kd4 Rh4+ 0-1

[Event "XIX Festival A"]
[Site "Arco ITA"]
[Date "2007.10.20"]
[Round "1"]
[White "Von Wantoch, Markus"]
[Black "Qendro, Llambi"]
[Result "0-1"]
[WhiteElo "1974"]
[BlackElo "2404"]
[PlyCount "40"]
[EventDate "2007.10.20"]

1. e4 g6 2. g3 d5 3. exd5 Qxd5 4. Qf3 Qd8 5. Bg2 Nf6 6. Qb3 Nc6 7. c3 Bh6 8.
Na3 O-O 9. d4 Bxc1 10. Rxc1 Be6 11. Qc2 Bd5 12. f3 e5 13. Ne2 exd4 14. Nxd4
Nxd4 15. cxd4 Bxa2 16. b3 Qe7+ 17. Kf2 Qxa3 18. Ra1 Bxb3 19. Rxa3 Bxc2 20. g4
b5 0-1

[Event "XIX Festival A"]
[Site "Arco ITA"]
[Date "2007.10.20"]
[Round "1"]
[White "Wagner, Frank"]
[Black "Serafimov, Tervel"]
[Result "0-1"]
[WhiteElo "1961"]
[BlackElo "2379"]
[PlyCount "56"]
[EventDate "2007.10.20"]

1. Nf3 g6 2. g3 Bg7 3. Bg2 e5 4. e4 Nc6 5. c3 Nf6 6. d3 O-O 7. O-O d5 8. Bg5
dxe4 9. Bxf6 Qxf6 10. dxe4 Rd8 11. Qc2 g5 12. h4 h6 13. Qc1 g4 14. Nfd2 h5 15.
Qc2 Be6 16. Na3 Rd7 17. Rfd1 Bf8 18. Ndc4 Rad8 19. Rxd7 Rxd7 20. Ne3 Bc5 21.
Nd5 Bxd5 22. exd5 Ne7 23. c4 Nf5 24. Kh2 Nxh4 25. gxh4 Bxf2 26. Qd3 Qxh4+ 27.
Bh3 e4 28. Qc3 e3 0-1

[Event "XIX Festival A"]
[Site "Arco ITA"]
[Date "2007.10.20"]
[Round "1"]
[White "Weinberg, Emanuele"]
[Black "Dittmar, Peter"]
[Result "0-1"]
[WhiteElo "1907"]
[BlackElo "2318"]
[PlyCount "58"]
[EventDate "2007.10.20"]

1. d4 c5 2. d5 e6 3. c4 exd5 4. cxd5 d6 5. Nc3 Ne7 6. Nf3 Ng6 7. e4 Be7 8. Bb5+
Nd7 9. a4 O-O 10. O-O Bf6 11. Nd2 Qe7 12. Re1 Nde5 13. Nc4 Bg4 14. Qc2 Nxc4 15.
Bxc4 Be5 16. Ne2 Qh4 17. Ng3 f5 18. exf5 Bxf5 19. Bd3 Bxd3 20. Qxd3 Rae8 21.
Be3 Bxb2 22. Rab1 Ne5 23. Qc2 Bd4 24. Bxd4 Qxd4 25. Red1 Qh4 26. f3 Rf7 27. Ne4
Rfe7 28. Qd2 h6 29. Nxd6 Nxf3+ 0-1

[Event "XIX Festival A"]
[Site "Arco ITA"]
[Date "2007.10.20"]
[Round "1"]
[White "Wohl, Aleksandar H."]
[Black "Tomassoni, Leonardo"]
[Result "1-0"]
[WhiteElo "2415"]
[BlackElo "1975"]
[PlyCount "53"]
[EventDate "2007.10.20"]

1. e4 c5 2. Nf3 d6 3. Be2 Nf6 4. c3 Nc6 5. d4 cxd4 6. cxd4 Nxe4 7. d5 Qa5+ 8.
Nc3 Nxc3 9. bxc3 Ne5 10. Nxe5 Qxc3+ 11. Bd2 Qxe5 12. O-O Bd7 13. Rb1 b6 14. Re1
Qf5 15. Rb4 h5 16. Qb3 g5 17. Bd3 Qf6 18. Bc3 Qh6 19. Qb2 Rg8 20. Bf6 Kd8 21.
Rxb6 Rc8 22. Rxd6 exf6 23. Rxd7+ Kxd7 24. Bf5+ Kd6 25. Qb4+ Rc5 26. Qb8+ Kxd5
27. Rd1+ 1-0

[Event "XIX Festival A"]
[Site "Arco ITA"]
[Date "2007.10.21"]
[Round "2"]
[White "Ager, Josef"]
[Black "De Napoli, Giuseppe"]
[Result "1-0"]
[WhiteElo "2188"]
[BlackElo "2033"]
[PlyCount "65"]
[EventDate "2007.10.20"]

1. c4 Nf6 2. g3 e6 3. Bg2 d5 4. Nf3 Be7 5. O-O O-O 6. d4 c6 7. Qc2 dxc4 8. Qxc4
b5 9. Qc2 Bb7 10. Rd1 Nbd7 11. Nc3 Rc8 12. Bg5 h6 13. Bxf6 Nxf6 14. Ne5 Qb6 15.
Qb3 Rfd8 16. e3 Bd6 17. Nd3 Be7 18. Rac1 Ba8 19. Rc2 Qb8 20. Rdc1 a5 21. a4 b4
22. Ne2 Nd5 23. Nc5 h5 24. e4 Nf6 25. Nxe6 fxe6 26. Qxe6+ Kf8 27. e5 Ng4 28.
Nf4 Qa7 29. h3 Nh6 30. d5 c5 31. d6 Rd7 32. Ng6+ Ke8 33. Nxe7 1-0

[Event "XIX Festival A"]
[Site "Arco ITA"]
[Date "2007.10.21"]
[Round "2"]
[White "Allegranti, Luca"]
[Black "Scharrer, Patrick"]
[Result "0-1"]
[WhiteElo "2040"]
[BlackElo "2220"]
[PlyCount "88"]
[EventDate "2007.10.20"]

1. d4 Nf6 2. c4 g6 3. Nc3 Bg7 4. e4 d6 5. f3 O-O 6. Be3 c5 7. Nge2 Nc6 8. Qd2
Qa5 9. d5 Ne5 10. Nc1 e6 11. Nb5 Qb6 12. Be2 exd5 13. cxd5 a6 14. Nc3 Qa5 15.
a4 Bd7 16. O-O b5 17. axb5 Qxa1 18. Nb3 Qxf1+ 19. Bxf1 Rfb8 20. Nxc5 dxc5 21.
bxa6 Bf8 22. h3 Rb4 23. Bg5 Ne8 24. f4 Nc4 25. Bxc4 Rxc4 26. e5 Rxa6 27. d6 Rd4
28. Qe3 Bc6 29. Qc1 Ng7 30. Bh4 Ne6 31. Ne2 Rb4 32. Be1 Rba4 33. Kf2 Ra7 34.
Bc3 h5 35. g3 Ra1 36. Qe3 Rh1 37. g4 h4 38. b4 Ra2 39. Bd2 Nd4 40. Nxd4 cxd4
41. Qxd4 Raa1 42. Ke2 Bb5+ 43. Kf2 Rh2+ 44. Ke3 Re2+ 0-1

[Event "XIX Festival A"]
[Site "Arco ITA"]
[Date "2007.10.21"]
[Round "2"]
[White "Battiston, Claudio"]
[Black "Trifoni, Giorgio"]
[Result "1-0"]
[WhiteElo "1882"]
[BlackElo "1658"]
[PlyCount "69"]
[EventDate "2007.10.20"]

1. e4 c5 2. c3 Nc6 3. Nf3 e6 4. d4 cxd4 5. cxd4 d5 6. e5 Bb4+ 7. Nc3 Nge7 8. a3
Ba5 9. b4 Bb6 10. b5 Na5 11. Bg5 O-O 12. Bd3 Qc7 13. Rc1 Nc4 14. O-O Nf5 15.
Bxf5 exf5 16. Nxd5 Qd7 17. Ne7+ Kh8 18. Rxc4 Qxb5 19. Rxc8 Raxc8 20. Nxc8 Rxc8
21. Qd2 Qd7 22. Rc1 Rc6 23. Rxc6 bxc6 24. Qb4 h6 25. Be7 Kh7 26. Qd6 Qe6 27.
Qxe6 fxe6 28. Bc5 g5 29. Bxb6 axb6 30. Nd2 Kg7 31. Nc4 b5 32. Na5 c5 33. dxc5
Kf7 34. c6 Ke7 35. Nb7 1-0

[Event "XIX Festival A"]
[Site "Arco ITA"]
[Date "2007.10.21"]
[Round "2"]
[White "Bini, Gabriele"]
[Black "Paltrinieri, Nicholas"]
[Result "0-1"]
[WhiteElo "1736"]
[BlackElo "1891"]
[PlyCount "48"]
[EventDate "2007.10.20"]

1. e4 d5 2. exd5 Nf6 3. d4 Nxd5 4. Nc3 Nxc3 5. bxc3 g6 6. g3 Bg7 7. Bg2 c5 8.
Ne2 Nc6 9. Be3 Bg4 10. Rb1 cxd4 11. cxd4 Qa5+ 12. Bd2 Qa6 13. f3 Be6 14. c3 Bc4
15. Kf2 e5 16. Re1 O-O 17. dxe5 Nxe5 18. Nc1 Rad8 19. Qc2 Nd3+ 20. Nxd3 Bxd3
21. Qb2 Bxb1 22. Rxb1 Qd3 23. Bf4 Bxc3 24. Qxb7 Bd4+ 0-1

[Event "XIX Festival A"]
[Site "Arco ITA"]
[Date "2007.10.21"]
[Round "2"]
[White "Blasco, Domenico"]
[Black "Brunner, Stefan"]
[Result "1/2-1/2"]
[WhiteElo "1969"]
[BlackElo "1800"]
[PlyCount "52"]
[EventDate "2007.10.20"]

1. d4 d5 2. Nf3 Nf6 3. e3 c6 4. Bd3 Bg4 5. h3 Bh5 6. g4 Bg6 7. Ne5 Nbd7 8. f4
Bxd3 9. cxd3 Nxe5 10. dxe5 Nd7 11. Nd2 e6 12. Nf3 Qb6 13. O-O Be7 14. Kg2 O-O-O
15. Qc2 Kb8 16. Bd2 f6 17. b4 fxe5 18. fxe5 Rc8 19. d4 Qd8 20. e4 Nb6 21. a3
Nc4 22. Bc1 Qb6 23. Bf4 Rcf8 24. exd5 cxd5 25. Kg3 h5 26. g5 h4+ 1/2-1/2

[Event "XIX Festival A"]
[Site "Arco ITA"]
[Date "2007.10.21"]
[Round "2"]
[White "Bortolotti, Silvano"]
[Black "Weinberg, Emanuele"]
[Result "1/2-1/2"]
[WhiteElo "1771"]
[BlackElo "1907"]
[PlyCount "73"]
[EventDate "2007.10.20"]

1. e4 Nf6 2. Nc3 d5 3. e5 Ne4 4. Qf3 Nxc3 5. Qxc3 c6 6. d4 Bf5 7. Nf3 e6 8. Be2
Be7 9. Be3 Nd7 10. Qd2 Qb6 11. c3 h6 12. O-O O-O 13. h3 c5 14. Kh1 Be4 15. a3
cxd4 16. cxd4 Rfc8 17. Rac1 Qd8 18. Rxc8 Rxc8 19. Rc1 Nb6 20. Rxc8 Qxc8 21. Qc1
Qxc1+ 22. Bxc1 Nc4 23. Nd2 Bg5 24. Bxc4 dxc4 25. h4 Bf4 26. Kg1 h5 27. g3 Bh6
28. f4 Bd3 29. Nf3 g6 30. Kf2 Bf8 31. Ke3 b5 32. Bd2 Bf5 33. Ng5 Be7 34. Ne4
Kf8 35. Nd6 Bxd6 36. exd6 Ke8 37. Bb4 1/2-1/2

[Event "XIX Festival A"]
[Site "Arco ITA"]
[Date "2007.10.21"]
[Round "2"]
[White "Burani, Eugenio"]
[Black "Trauth, Michael"]
[Result "1/2-1/2"]
[WhiteElo "2017"]
[BlackElo "2180"]
[PlyCount "54"]
[EventDate "2007.10.20"]

1. e4 c5 2. Nf3 Nc6 3. d4 cxd4 4. Nxd4 g6 5. c4 Nf6 6. Nc3 d6 7. Be2 Nxd4 8.
Qxd4 Bg7 9. Be3 O-O 10. Qd2 Be6 11. f3 a5 12. Nd5 Bxd5 13. cxd5 a4 14. Rc1 Nd7
15. O-O Nc5 16. Kh1 Qa5 17. Qxa5 Rxa5 18. Bxc5 dxc5 19. b3 axb3 20. axb3 Rfa8
21. Rfd1 Ra2 22. Bc4 Rb2 23. Ra1 Raa2 24. Rxa2 Rxa2 25. g3 Bd4 26. Re1 Kf8 27.
Re2 Rxe2 1/2-1/2

[Event "XIX Festival A"]
[Site "Arco ITA"]
[Date "2007.10.21"]
[Round "2"]
[White "Cardili, Mariano"]
[Black "De Santis, Alessio"]
[Result "1/2-1/2"]
[WhiteElo "2100"]
[BlackElo "2367"]
[PlyCount "129"]
[EventDate "2007.10.20"]

1. d4 d6 2. c4 g6 3. Nc3 Bg7 4. e4 Nd7 5. Nf3 e6 6. Be2 Ne7 7. O-O b6 8. Re1
Bb7 9. Bf4 h6 10. Qd3 g5 11. Bg3 Ng6 12. b4 a5 13. a3 e5 14. dxe5 Ndxe5 15.
Nxe5 Nxe5 16. Bxe5 Bxe5 17. b5 h5 18. Rab1 Qd7 19. Nd5 O-O-O 20. f4 gxf4 21.
Bf3 Kb8 22. Kf2 Rdg8 23. Ke2 Qd8 24. Kd2 h4 25. h3 Rg3 26. Re2 Qg5 27. Kc2 Bc8
28. Rh1 f5 29. Nc3 Bg7 30. Kb3 Bb7 31. Rhe1 Be5 32. Nd5 Rf8 33. a4 Bc8 34. Nc3
Bb7 35. Nd5 fxe4 36. Qxe4 Qg7 37. Ka2 Rg5 38. Kb3 Ka7 39. Ka2 Bc3 40. Rc1 Re5
41. Qd3 Rxe2+ 42. Qxe2 Be5 43. Qe4 Rf7 44. Re1 Qg3 45. Re2 Bh8 46. Bg4 f3 47.
Bxf3 Qg7 48. Qc2 Qd4 49. Re1 Be5 50. Rd1 Qc5 51. Qd3 c6 52. Nc3 Bxc3 53. Qxc3
cxb5 54. axb5 Bxf3 55. gxf3 Qf2+ 56. Rd2 Qxf3 57. Qxf3 Rxf3 58. Rxd6 Rxh3 59.
Rd7+ Kb8 60. Rh7 Rh2+ 61. Kb3 h3 62. c5 bxc5 63. Kc4 Rc2+ 64. Kd5 Rd2+ 65. Kxc5
1/2-1/2

[Event "XIX Festival A"]
[Site "Arco ITA"]
[Date "2007.10.21"]
[Round "2"]
[White "Castellano, Alfonso"]
[Black "Buck, Klaus-Michael"]
[Result "1/2-1/2"]
[WhiteElo "1926"]
[BlackElo "1784"]
[PlyCount "33"]
[EventDate "2007.10.20"]

1. c4 Nf6 2. Nc3 e6 3. e4 Bb4 4. e5 Ng8 5. Qg4 g6 6. Nf3 h5 7. Qe4 Ne7 8. d4 c6
9. Bg5 Qa5 10. Qc2 d5 11. Nd2 Nf5 12. Nb3 Qc7 13. c5 a5 14. a4 b6 15. O-O-O Ba6
16. Na2 Bxf1 17. Rhxf1 1/2-1/2

[Event "XIX Festival A"]
[Site "Arco ITA"]
[Date "2007.10.21"]
[Round "2"]
[White "Collato, Luca"]
[Black "Cracco, Pietro"]
[Result "1/2-1/2"]
[WhiteElo "1512"]
[BlackElo "2041"]
[PlyCount "61"]
[EventDate "2007.10.20"]

1. d4 d5 2. Nf3 c6 3. c3 Bg4 4. Ne5 Bf5 5. Bf4 Nd7 6. e3 Ngf6 7. Bd3 Bxd3 8.
Qxd3 e6 9. Nd2 Nxe5 10. dxe5 Nd7 11. Bg3 Be7 12. f4 Qb6 13. Rb1 a5 14. Bf2 Qc7
15. e4 O-O 16. exd5 exd5 17. Nf3 Bc5 18. O-O Bxf2+ 19. Rxf2 Nc5 20. Qc2 Ne4 21.
Re2 Qb6+ 22. Nd4 Rfe8 23. Qb3 Qa7 24. Rf1 Rad8 25. Kh1 a4 26. Qc2 c5 27. Nb5
Qb6 28. Qxa4 Ra8 29. Qb3 c4 30. Qb4 Qa5 31. Na3 1/2-1/2

[Event "XIX Festival A"]
[Site "Arco ITA"]
[Date "2007.10.21"]
[Round "2"]
[White "Crea, Vincenzo"]
[Black "McClement, Andrew"]
[Result "0-1"]
[WhiteElo "2042"]
[BlackElo "1594"]
[PlyCount "32"]
[EventDate "2007.10.20"]

1. d4 Nf6 2. Nf3 d5 3. Bf4 c5 4. c3 Nc6 5. e3 Qb6 6. Qb3 c4 7. Qc2 Bf5 8. Qc1
e6 9. Nbd2 Be7 10. Be2 O-O 11. b3 cxb3 12. axb3 Rfc8 13. O-O Nb4 14. Ne5 Nc2
15. Ra2 Rxc3 16. e4 Nxd4 0-1

[Event "XIX Festival A"]
[Site "Arco ITA"]
[Date "2007.10.21"]
[Round "2"]
[White "Dalla Vecchia, Paolo"]
[Black "Von Wantoch, Markus"]
[Result "1-0"]
[WhiteElo "1829"]
[BlackElo "1974"]
[PlyCount "51"]
[EventDate "2007.10.20"]

1. d4 Nf6 2. Nf3 e6 3. Bg5 b6 4. e3 Bb7 5. Bd3 Be7 6. Nbd2 d6 7. Qe2 Nbd7 8. c3
Nd5 9. Bxe7 Qxe7 10. Be4 f5 11. Bc2 O-O 12. O-O N5f6 13. e4 fxe4 14. Nxe4 Rae8
15. Rfe1 Kh8 16. Nxf6 Qxf6 17. Be4 Bxe4 18. Qxe4 Qf5 19. Re2 Qxe4 20. Rxe4 e5
21. dxe5 Rf5 22. Rae1 Nxe5 23. Nd4 Rf7 24. f4 c5 25. Nc2 Ref8 26. fxe5 1-0

[Event "XIX Festival A"]
[Site "Arco ITA"]
[Date "2007.10.21"]
[Round "2"]
[White "Del Nevo, Claudio"]
[Black "Thonig, Manfred"]
[Result "1-0"]
[WhiteElo "1889"]
[BlackElo "1739"]
[PlyCount "83"]
[EventDate "2007.10.20"]

1. d4 f5 2. Nf3 Nf6 3. Bg5 e6 4. e3 Bb4+ 5. c3 Be7 6. Bd3 d5 7. Bxf6 Bxf6 8.
Qc2 Nd7 9. Nbd2 c6 10. h3 b5 11. g4 g6 12. Rg1 Nb6 13. g5 Bg7 14. Nb3 Qd6 15.
h4 a5 16. Qe2 a4 17. Nbd2 Nc4 18. Nxc4 dxc4 19. Bc2 Ba6 20. h5 O-O 21. hxg6
hxg6 22. Rh1 b4 23. Nh4 b3 24. Bb1 Qd5 25. e4 fxe4 26. Qxe4 Qxg5 27. Qxe6+ Rf7
28. Bxg6 Qe7 29. Bxf7+ Qxf7 30. Qxf7+ Kxf7 31. a3 Re8+ 32. Kf1 Rh8 33. Kg2 Bf6
34. Nf5 Rg8+ 35. Kf1 Ke6 36. Ng3 Rf8 37. Re1+ Kf7 38. Nf5 Kg6 39. Ne7+ Kg5 40.
Rg1+ Kh5 41. Re3 Bb7 42. Rh1+ 1-0

[Event "XIX Festival A"]
[Site "Arco ITA"]
[Date "2007.10.21"]
[Round "2"]
[White "Dieli, Riccardo"]
[Black "Bonade', Massimo"]
[Result "0-1"]
[WhiteElo "1775"]
[BlackElo "2168"]
[PlyCount "42"]
[EventDate "2007.10.20"]

1. Nf3 Nf6 2. c4 e6 3. g3 b6 4. Bg2 Bb7 5. O-O Be7 6. d4 O-O 7. Nc3 Ne4 8. Nxe4
Bxe4 9. a3 a5 10. Bd2 d5 11. cxd5 Qxd5 12. e3 Nc6 13. Rc1 Rad8 14. Ne1 Bxg2 15.
Nxg2 e5 16. Qc2 Rd6 17. e4 Qb5 18. a4 Qa6 19. d5 Nd4 20. Qc4 Nf3+ 21. Kh1 Qxc4
0-1

[Event "XIX Festival A"]
[Site "Arco ITA"]
[Date "2007.10.21"]
[Round "2"]
[White "Dittmar, Peter"]
[Black "Maneschi, Giuseppe"]
[Result "1-0"]
[WhiteElo "2318"]
[BlackElo "2071"]
[PlyCount "113"]
[EventDate "2007.10.20"]

1. Nf3 d6 2. d4 g6 3. g3 Bg7 4. Bg2 Nd7 5. O-O e5 6. dxe5 dxe5 7. Nc3 Ne7 8. e4
O-O 9. Be3 b6 10. Qd2 Bb7 11. Rfd1 Nf6 12. Nxe5 Nxe4 13. Nxe4 Bxe5 14. Bg5 Qe8
15. Bh6 Rd8 16. Qb4 a5 17. Qa3 Nf5 18. Qxf8+ Qxf8 19. Bxf8 Rxf8 20. c3 Kg7 21.
Ng5 Bc8 22. Rd5 Bf6 23. Ne4 Be7 24. Rd2 Be6 25. h4 h6 26. Bf1 Nd6 27. Nxd6 Bxd6
28. Bg2 g5 29. hxg5 hxg5 30. Bd5 Bf5 31. Kg2 Rh8 32. Re1 Kf6 33. Rde2 Bh3+ 34.
Kg1 Bd7 35. Re3 Rf8 36. b3 Bb5 37. Rf3+ Kg7 38. Rf5 f6 39. Rf3 Re8 40. Rxe8
Bxe8 41. Re3 Bd7 42. Be6 Bc6 43. Bf5 Kf7 44. Rd3 Bb5 45. Rd2 Bc6 46. Kh2 Kf8
47. Kh3 Kf7 48. Kg4 Kg7 49. Be6 Be8 50. f4 gxf4 51. gxf4 Bf7 52. Bxf7 Kxf7 53.
Kf5 Ke7 54. Rh2 Kf7 55. Rh7+ Ke8 56. Ke6 Kd8 57. Rh8+ 1-0

[Event "XIX Festival A"]
[Site "Arco ITA"]
[Date "2007.10.21"]
[Round "2"]
[White "Giaracuni, Claudio"]
[Black "Koelmans, Jan Willem"]
[Result "0-1"]
[WhiteElo "1759"]
[BlackElo "2008"]
[PlyCount "160"]
[EventDate "2007.10.20"]

1. d4 d5 2. Nc3 Nf6 3. Bg5 Nbd7 4. e3 c6 5. Nf3 Qa5 6. Qd2 e6 7. Bd3 Bb4 8. O-O
Ne4 9. Bxe4 dxe4 10. Ne5 Nxe5 11. dxe5 f6 12. Bh4 Qxe5 13. Rad1 O-O 14. Bg3 Qa5
15. Bd6 Bxd6 16. Qxd6 e5 17. b4 Qa3 18. Nxe4 Bf5 19. Nc5 Rad8 20. Qc7 Rxd1 21.
Rxd1 Qxb4 22. Nd7 Re8 23. a3 Qb2 24. h3 Qxc2 25. Rd6 Qc1+ 26. Kh2 Qxa3 27. Rxf6
Bxd7 28. Qxd7 Qe7 29. Rd6 Qxd7 30. Rxd7 Rb8 31. Re7 b5 32. Rxa7 b4 33. Ra1 c5
34. Kg1 Kf7 35. Kf1 Ke6 36. e4 c4 37. Ke2 Kd6 38. Kd2 Kc5 39. Kc2 Kd4 40. Ra7
b3+ 41. Kb1 Kxe4 42. Rxg7 b2 43. Rxh7 c3 44. Rc7 Kd3 45. Rd7+ Kc4 46. Rc7+ Kd3
47. Rd7+ Ke2 48. Rc7 Kxf2 49. Rxc3 Kxg2 50. Re3 Rb5 51. h4 Kf2 52. Rc3 e4 53.
Rc2+ Kf3 54. h5 Rxh5 55. Kxb2 Rd5 56. Kc1 e3 57. Rc8 e2 58. Rf8+ Ke3 59. Re8+
Kf2 60. Rf8+ Ke1 61. Kc2 Rd2+ 62. Kc1 Rd6 63. Kc2 Rc6+ 64. Kb3 Rd6 65. Kc2 Rd7
66. Rf6 Rd8 67. Rf7 Rc8+ 68. Kb2 Rc4 69. Kb3 Rd4 70. Kc2 Rd2+ 71. Kc1 Rd3 72.
Kc2 Re3 73. Rf8 Re6 74. Rf7 Rc6+ 75. Kb2 Rc5 76. Rf8 Kd2 77. Rd8+ Ke3 78. Re8+
Kf3 79. Rf8+ Ke4 80. Re8+ Re5 0-1

[Event "XIX Festival A"]
[Site "Arco ITA"]
[Date "2007.10.21"]
[Round "2"]
[White "Giovannini, Roberto"]
[Black "Idili, Leonardo"]
[Result "1-0"]
[WhiteElo "2013"]
[BlackElo "1735"]
[PlyCount "47"]
[EventDate "2007.10.20"]

1. d4 Nf6 2. Bf4 g6 3. e3 Bg7 4. Nd2 O-O 5. Be2 d6 6. c3 b6 7. h4 Bb7 8. Rh2 h5
9. g4 hxg4 10. Bxg4 Nxg4 11. Qxg4 e5 12. dxe5 dxe5 13. Bg3 Qd7 14. Qg5 Qd8 15.
O-O-O Qxg5 16. hxg5 c5 17. Nc4 e4 18. Nd6 Bc6 19. Rh4 Nd7 20. Nxe4 Ne5 21. Bxe5
Bxe5 22. Nf3 Bxe4 23. Nxe5 Bf5 24. Rdh1 1-0

[Event "XIX Festival A"]
[Site "Arco ITA"]
[Date "2007.10.21"]
[Round "2"]
[White "Giuriato, Sergio"]
[Black "De Nisi, Roberta"]
[Result "1/2-1/2"]
[WhiteElo "1990"]
[BlackElo "1845"]
[PlyCount "132"]
[EventDate "2007.10.20"]

1. d4 f5 2. Nf3 Nf6 3. g3 g6 4. Bg2 Bg7 5. c4 d6 6. O-O O-O 7. Nc3 c6 8. d5 Na6
9. dxc6 bxc6 10. Nd4 Bd7 11. Nxc6 Bxc6 12. Bxc6 Rb8 13. Rb1 Qc7 14. Nd5 Nxd5
15. Bxd5+ Kh8 16. b3 Nb4 17. Bb2 Qc5 18. Bxg7+ Kxg7 19. Qd2 Nxd5 20. cxd5 Rb5
21. Rfd1 Rfb8 22. Rbc1 Qb4 23. Qe3 R5b7 24. Rd4 Qb6 25. Rc6 Qa5 26. Rd2 Qd8 27.
h4 Qd7 28. Rdc2 Qe8 29. Rc7 Qf7 30. R2c6 Qf6 31. Kh2 h6 32. f4 Kf7 33. Qc3 Qxc3
34. Rxc3 a5 35. Rxb7 Rxb7 36. Kg2 Rb5 37. Rd3 Kf6 38. Kf3 g5 39. hxg5+ hxg5 40.
fxg5+ Kxg5 41. e4 Rb4 42. exf5 Kxf5 43. Re3 Kf6 44. Re6+ Kf7 45. Re4 Rb5 46.
Rd4 Rc5 47. Rf4+ Kg6 48. Ke4 Rc2 49. a4 Rb2 50. Rf3 Kg5 51. Kd4 Kg4 52. Rc3
Rd2+ 53. Kc4 Kf5 54. Re3 Kf6 55. Re6+ Kf7 56. g4 Rc2+ 57. Kd4 Rd2+ 58. Kc4 Rc2+
59. Kd3 Rc1 60. Re3 Rg1 61. Rf3+ Kg6 62. Rf4 Rd1+ 63. Ke4 Re1+ 64. Kf3 Rd1 65.
Ke4 Re1+ 66. Kd3 Rd1+ 1/2-1/2

[Event "XIX Festival A"]
[Site "Arco ITA"]
[Date "2007.10.21"]
[Round "2"]
[White "Kern, Beat"]
[Black "Voermans, Adri"]
[Result "1/2-1/2"]
[WhiteElo "1694"]
[BlackElo "1887"]
[PlyCount "80"]
[EventDate "2007.10.20"]

1. e4 c5 2. c4 e6 3. Nc3 Nc6 4. Nf3 Be7 5. Be2 Nf6 6. O-O d6 7. d4 cxd4 8. Nxd4
O-O 9. a3 a6 10. Bg5 h6 11. Be3 e5 12. Nxc6 bxc6 13. b4 Bd7 14. f3 Qc8 15. Qd2
Rd8 16. Bb6 Re8 17. Bf2 Nh5 18. Rfd1 Nf4 19. Bf1 Rb8 20. Rab1 Rd8 21. Ne2 Ng6
22. Qc3 Nf4 23. Nxf4 exf4 24. Bd4 Bf8 25. Qd2 c5 26. Bc3 Be6 27. Qxf4 cxb4 28.
Bxb4 Qc7 29. Bd2 Be7 30. Qg3 h5 31. Be3 Rxb1 32. Rxb1 Rb8 33. Bd4 g6 34. Rxb8+
Qxb8 35. c5 h4 36. Qf2 dxc5 37. Bxc5 Bxc5 38. Qxc5 Qb1 39. h3 Qe1 40. Qf2 Qa1
1/2-1/2

[Event "XIX Festival A"]
[Site "Arco ITA"]
[Date "2007.10.21"]
[Round "2"]
[White "La Manna, Andrea"]
[Black "Aagaard, Jacob"]
[Result "1/2-1/2"]
[WhiteElo "2145"]
[BlackElo "2535"]
[PlyCount "43"]
[EventDate "2007.10.20"]

1. d4 Nf6 2. c4 e6 3. Nc3 Bb4 4. a3 Bxc3+ 5. bxc3 c5 6. f3 d5 7. cxd5 Nxd5 8.
dxc5 Qa5 9. e4 Ne7 10. Be3 O-O 11. Qb3 Qc7 12. Rb1 Nd7 13. Qb5 b6 14. cxb6 axb6
15. Ne2 Ba6 16. Qb3 Nc6 17. Nd4 Na5 18. Nb5 Qc8 19. Qb4 Nc6 20. Qb3 Na5 21. Qb4
Nc6 22. Qb3 1/2-1/2